| 000 | 00529cam a2200157 4500 | ||
|---|---|---|---|
| 001 | ABS61101 | ||
| 008 | 000000n1999 000 0 eng u | ||
| 035 | _a(Sirsi) u101655 | ||
| 100 | _aClarke, P. | ||
| 245 | _aHow Europe really works. | ||
| 260 | _c1999 | ||
| 490 |
_aFarmers' Weekly _v131(7) 13 August 1999, 20-21(2) |
||
| 520 | _aAims to provide a guide to the European institutions, such as the council and the Parliament. Includes a glossary of useful Euro-jargon terms. | ||
| 690 | _aEUROPE-SINGLE MARKET | ||
| 942 | _n0 | ||
| 999 |
_c60783 _d60783 |
||